| 000 | 00764nam a2200217 i 4500 | ||
|---|---|---|---|
| 001 | 40943 | ||
| 003 | ES-MaACL | ||
| 005 | 20260429201017.0 | ||
| 007 | t| | ||
| 008 | 030307s1968 sp ||||1| cat d | ||
| 100 |
_aBeaumarchais, Pierre Augustin Caron de, _d1732-1799 _9239070 |
||
| 245 | 1 | 3 |
_aLa diada roja o les noces de Fígaro _b: peça en quatre actes / _cde Pierre Augustín Caron de Beaumarchais ; traducció i adaptació de Francex Nel-lo. |
| 250 | _a[1ª ed.]. | ||
| 260 |
_a[Barcelona : _bEdicions 62, _c[1968] |
||
| 300 |
_a87-188 p. ; _c18 cm. |
||
| 490 | 1 |
_aEls llibres de l'escorpi ; _v12 |
|
| 700 | 1 |
_aNel-lo, Francex. _985353 |
|
| 830 | 0 |
_aEls llibres de l'escorpi ; _v12 _9181883 |
|
| 852 |
_aES-MaACL _jC-44900 _bR.80484 |
||
| 999 |
_c40943 _d40943 |
||